Частни скандали (Запис номер 323125)
[ съкратено ]
| 000 -Лидер | |
|---|---|
| Контролно поле с фиксирана дължина | 01327aaa a2200337 a 4500 |
| 003 - Код на организацията, давaща контролен номер | |
| Контролно поле | BLK |
| 005 - Дата и час на последна редакция | |
| Контролно поле | 20250711130628.0 |
| 008 - Елементи от данни с фиксирана дължина | |
| fixed length control field | 180815b bul||||| |||| 00| 0 bul d |
| 020 ## - Международен стандартен номер на книга ISBN | |
| Международен стандартен номер на книга ISBN | 9789546558497 |
| 040 ## - Източник на каталожния запис | |
| Идентификатор на билиотеката - собственик на записа | BLK |
| 041 ## - Код за език | |
| Код за езика на текст/звукозапис или на отделно заглавие | Български |
| Код за езика КДБФ | Български |
| 080 ## - УДК | |
| Текстов определител УДК | Американска литература (на САЩ) |
| УДК код - определител по УДК | 821.111(73) |
| УДК определител | -31 |
| УДК - код + определител | 821.111(73)-31 |
| 100 ## - Редна дума - Автор | |
| Автор | Робъртс, Нора |
| Дати, свързани с автора | 1950 - |
| Пълна форма на името | Робертсън, Елеонора Мари |
| Автор - информация (биография) | Дж. Д. Роб, Джил Марч, Сара Хардести |
| R(LIN) | 242848 |
| 139 ## - Редно поле | |
| Авторски знак | Ро - Р 68 |
| Редна дума | Робъртс, Нора |
| 240 ## - Унифицирано заглавие | |
| Унифицирано заглавие | Private scandals |
| 245 ## - Сведения за заглавието | |
| Заглавие | Частни скандали |
| 250 ## - Област на изданието | |
| Сведения за изданието | 2. изд. |
| 257 ## - Страна на издаване | |
| Страна на създаване/издаване | Съединени американски щати |
| 260 ## - Област на издателските данни | |
| Име на издателя, разпространителя и проч. | Бард |
| Година на издаване | 2018 |
| Място на издаване, разпространение и проч. | София |
| Печатница | Алианс принт |
| Дата на отпечатване | 2018 |
| 300 ## - Физическа характеристика | |
| Страници | 526 с. |
| Размери/Мащаб | 20 см |
| 380 ## - Жанр | |
| Жанр | Худож. лит. |
| 500 ## - Общи забележки | |
| Забележка | Ориг. загл.: Private scandals / Nora Roberts<br/>Нора Робъртс - псевд. на Eleanor Marie Robertson<br/>1. изд. 1995 |
| 700 ## - Други автори (авторска отговорност) | |
| 9 (RLIN) | 363363 |
| Лично име | Дечева, Цветелина |
| Автороска отговорност (Описва отношението между автора и произведението) | прев. от англ. |
| 700 ## - Други автори (авторска отговорност) | |
| Лично име | Чернева, Юлия Недкова |
| Дати, свързани с автора | 1955- |
| 9 (RLIN) | 365526 |
| 765 ## - Описание на заглавието на оригиналният език | |
| Редна дума на основното описание | Private Scandals |
| 852 ## - Местоположение | |
| Форматна сигнатура | Цб 292347 |
| 999 ## - СИСТЕМНИ КОНТРОЛНИ НОМЕРА | |
| Koha biblionumber | 323125 |
| Koha biblioitemnumber | 323125 |
| 942 ## - АРТИКУЛИ | |
| Вид на библиотечния материал | Книги |
| Източник на класификационната схема | Universal Decimal Classification |
| Скрит в OPAC | Не |
| Koha issues (borrowed), all copies | 64 |
| 944 ## - СЪЗДАВАНЕ И РЕДАКЦИЯ на ЗАПИСА | |
| Създаване/Редакция | Редакция |
| Дата на регистрацията/редакция | 2019-02-04 |
| Служител, извършил регистрацията/редакцията | 30576 |
| Статус, дата на статуса | Цветомила Тодорова |
| 999 ## - СИСТЕМНИ КОНТРОЛНИ НОМЕРА | |
| Koha biblioitemnumber | 323125 |
| 999 ## - СИСТЕМНИ КОНТРОЛНИ НОМЕРА | |
| Koha biblioitemnumber | 323125 |
| Код за отписване | Код за изгубен артикул | Източник на класификационната схема | Код за повреда | Коз за рестрикции | Код за отдаване | Артикулен № | Име на библиотеката - собственик | Име на библиотеката, в която се намира в момента | Статус (Текущо местоположение) | Дата на вписване в системата | Местоположение - отдел | Цена в лева | Инвентарен номер | Систематично азбучна сигнатура | Баркод | Цена в евро | Служебен тип на артикула |
|---|---|---|---|---|---|---|---|---|---|---|---|---|---|---|---|---|---|
| Не е изгубен | Universal Decimal Classification | Не е повреден | без рестрикции | заемане за дома | 677873 | Регионална библиотека "Любен Каравелов" Русе | Регионална библиотека "Любен Каравелов" Русе | Заемна - подръчен фонд | 2018-06-22 | Заемна - подръчен фонд | 17.99 | 120000821607 | П 821-31/Р 70 | 120000821607 | 9.20 | Книги | |
| Не е изгубен | Universal Decimal Classification | Не е повреден | без рестрикции | ползва се в читалня | 689040 | Регионална библиотека "Любен Каравелов" Русе | Регионална библиотека "Любен Каравелов" Русе | Хранилище | 2019-02-12 | Хранилище | 17.99 | Цб 292347 | 120000829385 | 9.20 | Книги |